Paleografía visigoda (Record no. 160384)

MARC details
000 -LEADER
campo de control de longitud fija 00876nam a22002055i 4500
001 - NÚMERO DE CONTROL
campo de control 160384
003 - IDENTIFICADOR DE NÚMERO DE CONTROL
campo de control ES-MaACL
005 - FECHA Y HORA DE LA ÚLTIMA TRANSACCIÓN
campo de control 20251115063312.0
008 - DATOS DE LONGITUD FIJA--INFORMACIÓN GENERAL
campo de control de longitud fija 970901s1881 sp |||| | spa d
040 ## - FUENTE DE CATALOGACIÓN
Centro catalogador/agencia de origen AR
Lengua de catalogación spa
Centro/agencia transcriptor AR
100 1# - ENTRADA PRINCIPAL--NOMBRE DE PERSONA
Nombre de persona Muñoz y Rivero, Jesús,
Fechas asociadas al nombre 1851-1890
9 (RLIN) 84518
245 10 - MENCIÓN DEL TÍTULO
Título Paleografía visigoda
Resto del título : método teórico-práctico para aprender a leer los códices y documentos españoles de los siglos V al XII /
Mención de responsabilidad, etc. por Jesús Muñoz y Rivero.
260 ## - PUBLICACIÓN, DISTRIBUCIÓN, ETC.
Lugar de publicación, distribución, etc. Madrid :
Nombre del editor, distribuidor, etc. [s.n.],
Fecha de publicación, distribución, etc. 1881 (
Fabricante Imp. y Litogr. de La Guirnalda)
300 ## - DESCRIPCIÓN FÍSICA
Extensión VI, 148, XLIV p., [1] h. pleg. ;
Dimensiones 22 cm.
505 8# - NOTA DE CONTENIDO CON FORMATO
Nota de contenido con formato Facsímiles: p. I-XLIV, dibujados por el autor
596 ## - NOTA AL PIE DE IMPRENTA
NOTA AL PIE DE IMPRENTA Láminas en Litografía de La Corte, según consta al v. de port.
650 04 - PUNTO DE ACCESO ADICIONAL DE MATERIA--TÉRMINO DE MATERIA
Término de materia o nombre geográfico como elemento de entrada Paleografía-
Subdivisión geográfica España.
9 (RLIN) 15804
852 ## - LOCALIZACIÓN
Ubicación ES-MaACL
Número de control de estantería B-3090
Nota libre -- Enc. pasta española
Holdings
Estatus retirado Estado de pérdida Estado de daño No para préstamo Colección Biblioteca de origen Biblioteca actual Ubicación en estantería Fecha de adquisición Fuente de adquisición Total de préstamos Signatura topográfica completa Código de barras Visto por última vez Precio de reemplazo Tipo de ítem Koha
        Libros del s. XIX Biblioteca del Ateneo de Madrid Biblioteca del Ateneo de Madrid Sala Pardo Bazán 17/01/2008     B-3090 1167933 23/02/2023 23/02/2023 Libro impreso antiguo